000 00339 a2200157 4500
001 178580
020 _a
040 _cMagnum
100 _aCampos, Yvone Maria
240 1 0 _aFlorestas e arvores
_lpor
245 1 0 _aFlorestas e arvores
362 0 _a1899
440 1 _aMelhoramentos
697 _aMAGNITO: PARADIDATICOS
942 _cBK
999 _c178580
_d178580